Gaming Quiz

Random Gaming or Animal Quiz

Sly Cooper: Character Animals Quiz Stats

 Plays Quiz not verified by Sporcle

Challenge
Share
Tweet
Embed
Score 0/21 Timer 05:00
0 Plays Today
Character Animal % Correct
????
100%
????
99.9%
????
99.8%
????
99.7%
????
96.3%
????
90.9%
????
88.5%
????
88.4%
????
84.8%
????
72.7%
????
72.5%
Character Animal % Correct
????
72.1%
????
71.1%
????
68.1%
????
61.1%
????
42.2%
????
39.9%
????
37.8%
????
36.5%
????
14.3%
????
12.9%

You're not logged in!

Compare scores with friends on all Sporcle quizzes.
OR
Log In

You Might Also Like...

Show Comments

Extras

Created Feb 11, 2012ReportNominate
Tags:Animal Quiz, character, cooper, sly

Top Quizzes Today


Score Distribution

Your Account Isn't Verified!

In order to create a playlist on Sporcle, you need to verify the email address you used during registration. Go to your Sporcle Settings to finish the process.

Report this User

Report this user for behavior that violates our Community Guidelines.

Details: